Alle Porsche-Modellevarianten - Statistiken

Allgemein
  • Dieses Quiz wurde 366 mal gespielt
  • Das Durchschnittsergebnis liegt bei 9 aus 15
Antwortstatistiken
Modell Variante % Korrekt
E-Auto Taycan
84%
SUV Cayenne
83%
911 GT3
80%
911 Turbo
79%
SUV Macan
77%
718 Spyder
75%
918 Spyder
75%
911 Carrera
70%
718 Cayman
60%
911 Targa
54%
718 GT4
51%
- Panamera
50%
718 Boxster
40%
911 Dakar
19%
911 Sport Classic
11%
Keine übereinstimmenden Quizze gefunden
Verteilung der Resultate
Anzahl Personen mit jedem Resultat
Perzentil nach korrekt beantworteten Fragen
Ihre Resultats-Entwicklung
Sie haben dieses Quiz noch nicht gespielt